000 01360nam a2200289 i 4500
001 2426068
003 IlBcCP
005 20251222151916.0
008 251222s2025 mnua 000 0 eng
020 _a109829503X
020 _a9781098295035
040 _erda
_cIlBcCP
_beng
082 1 4 _a523.8
_223
100 1 _aWilliams, Ann.,
_eauthor.
_95702324
245 1 0 _aBlack holes and more dark mysteries /
_cAnn Williams.
264 1 _aMinneapolis, MN :
_bABDO Publishing Company,
_c2025.
300 _a48 pages :
_bchiefly color illustrations ;
_c24 cm.
336 _atext
337 _aunmediated
338 _avolume
490 1 _aA&D xtreme: xtreme universe
520 _aWhat is a black hole? Readers will learn the answer in this book! They will discover how black holes form, what gravity has to with black holes, and how scientists observe these dark mysteries. Readers will also be introduced to other dark objects in the universe, such as black dwarfs, dark matter, and dark energy. Aligned to Common Core Standards and correlated to state standards. A&D Xtreme is an imprint of Abdo Publishing, a division of ABDO.
521 2 _a5678
_bLibraria.
521 8 _a860
_bLexile.
650 0 _aBlack holes (Astronomy)
_vJuvenile literature.
_96358075
830 0 _aA&D xtreme.
_pXtreme universe.
_96558038
999 _c409153
_d409153